000 00359nam a2200157Ia 4500
003 OSt
005 20240203100344.0
008 170524s9999 xx 000 0 und d
020 _a9789350514689,
040 _cIIMT UNIVERSITY
100 _aMamoria C B
100 _c2012
245 0 _aPERSONAL MANAGEMENT
260 _aHimalaya Pub. House
942 _2ddc
_c02
999 _c2556
_d2556